00880nam a2200241Ia 450000500170000000800410001702000150005804100080007308200200008110000380010124501240013925000220026330000400028565000380032565000190036365000410038270000220042326400700044533600270051533700330054233800280057504000350060320220316235705.0121119s2000 ck a gr 000 0 spa  a95868330970 aspa04a658.8707 bA73M1 aAriza Ramírez, Leonardo Alberto10aMercadeo de productos y servicios en empresas del sector solidario cLeonardo Alberto Ariza Ramírez, Luis Lobo Guerra aPrimera edición a152 páginasbilustracionesc28 cm14aPlanificación de mercadeo2LEMB14aMercadeo2LEMB14aComercialización cooperativa2LEMB1 aLobo Guerra, Luis aSanta Fé de BogotábPontificia Universidad Javerianac[2000?] atextobtxt2rdacontent asin mediaciónbn2rdamedia avolumenbnc2rdacarrier aCO-BoRNBPbspaerdacCO-BoRNBP